书目信息 |
| 题名: |
物理教育史
|
|
| 作者: | 骆炳贤 主编 | |
| 分册: | ||
| 出版信息: | 长沙 湖南教育出版社 2001.05 |
|
| 页数: | 496页 | |
| 开本: | 21cm | |
| 丛书名: | 中国物理学史大系 | |
| 单 册: | ||
| 中图分类: | O4-092 | |
| 科图分类: | ||
| 主题词: | 物理学--教育史--中国 | |
| 电子资源: | ||
| ISBN: | 7-5355-3339-6 | |
| 000 | 00928nam 2200265 450 | |
| 001 | 0130049343 | |
| 005 | 20050831213629.94 | |
| 010 | @a7-5355-3339-6@b精装@dCNY26.00 | |
| 100 | @a20050325d2001 km y0chiy0120 ea | |
| 101 | 0 | @achi |
| 102 | @aCN@b430000 | |
| 105 | @aa a 001yy | |
| 200 | 1 | @a物理教育史@Awu li jiao yu shi@d= A history of physics education@f骆炳贤主编@Fluo bing xian zhu bian@zeng |
| 210 | @a长沙@c湖南教育出版社@d2001.05 | |
| 215 | @a496页@c图@d21cm | |
| 225 | 2 | @a中国物理学史大系 |
| 320 | @a有书目 (第474-478页) 和索引。 | |
| 330 | @a本书中国物理学史大系的物理教育史分册,内容包括:古代的物理教育、晚清时期的物理教育、新中国成立后的物理教育等。 | |
| 410 | 0 | @12001 @a中国物理学史大系 |
| 510 | 1 | @aHistory of physics education@zeng |
| 606 | 0 | @a物理学@x教育史@y中国 |
| 690 | @aO4-092@v4 | |
| 701 | 0 | @a骆炳贤@Aluo bing xian@4主编 |
| 801 | 0 | @aCN@bQSSK@c20050831 |
| 905 | @a10447@dO4-092@eL991 | |
| 物理教育史= A history of physics education/骆炳贤主编.-长沙:湖南教育出版社,2001.05 |
| 496页:图;21cm.-(中国物理学史大系) |
| ISBN 7-5355-3339-6(精装):CNY26.00 |
| 本书中国物理学史大系的物理教育史分册,内容包括:古代的物理教育、晚清时期的物理教育、新中国成立后的物理教育等。 |
| ● |
| 相关链接 |
|
|
|
正题名:物理教育史
索取号:O4-092/L991
 
预约/预借
| 序号 | 登录号 | 条形码 | 馆藏地/架位号 | 状态 | 备注 |
| 1 | 565835 | 205658359 | 自科库401/401自科库 55排5列2层/ [索取号:O4-092/L991] | 在馆 | |
| 2 | 565836 | 205658368 | 自科库401/401自科库 55排5列2层/ [索取号:O4-092/L991] | 在馆 | |
| 3 | 565837 | 205658377 | 自科库401/401自科库 55排5列2层/ [索取号:O4-092/L991] | 在馆 |